|
|
|
|
| LEADER |
00981naa a2200217 i 4500 |
| 001 |
acta85317 |
| 005 |
20240904132440.0 |
| 008 |
240904s2024 hu o 100 hun d |
| 020 |
|
|
|a 978-963-306-993-6
|
| 040 |
|
|
|a SZTE Egyetemi Kiadványok Repozitórium
|b hun
|
| 041 |
|
|
|a hun
|
| 100 |
1 |
|
|a Csáji Balázs Csanád
|
| 245 |
1 |
0 |
|a Sztochasztikus modell prediktív irányítás és alkalmazása az energetikában
|h [elektronikus dokumentum] :
|b [absztrakt] /
|c Csáji Balázs Csanád
|
| 260 |
|
|
|a Szegedi Tudományegyetem - Bolyai Intézet
|b Szeged
|c 2024
|
| 300 |
|
|
|a 15
|
| 490 |
0 |
|
|a Alkalmazott Matematikai Konferencia
|
| 650 |
|
4 |
|a Természettudományok
|
| 650 |
|
4 |
|a Számítás- és információtudomány
|
| 695 |
|
|
|a Sztochasztikus modell - előadáskivonat, Energetika - előadáskivonat, Programozás - előadáskivonat
|
| 711 |
|
|
|a Alkalmazott Matematikai Konferencia
|c Szeged
|d 2024. június 3-5.
|
| 856 |
4 |
0 |
|u http://acta.bibl.u-szeged.hu/85317/1/amk_2024_015.pdf
|z Dokumentum-elérés
|